[Event "12th HIT Open A"]
[Site "Nova Gorica SLO"]
[Date "2007.01.27"]
[Round "2"]
[White "Jeric,S"]
[Black "Gombac,Jan"]
[Result "0-1"]
[WhiteElo "2337"]
[BlackElo "2298"]

1.e4 d5 2.exd5 Qxd5 3.Nc3 Qd6 4.d4 Nf6 5.Bd3 Bg4 6.f3 Bh5 7.Nge2 Nc6 8.Bf4 Qd7
9.g4 Bg6 10.h4 O-O-O 11.Bb5 h5 12.g5 Nd5 13.Qd2 e6 14.O-O-O a6 15.Ba4 Bb4
16.Bg3 Nxc3 17.bxc3 Ba3+ 18.Kb1 Qd5 19.Bb3 Qb5 20.Nf4 Bf5 21.Ka1 Na5 22.Rhe1 Bb2+
23.Kb1 Nxb3 24.axb3 Qxb3 25.Nd3 Bxd3 26.Qxd3 Qa3  0-1

[Event "Open"]
[Site "Moscow RUS"]
[Date "2007.01.28"]
[Round "2"]
[White "Musakaev,E"]
[Black "Smirnov,I UKR"]
[Result "1/2-1/2"]
[WhiteElo "2268"]
[BlackElo "2439"]

1.e4 d5 2.exd5 Qxd5 3.Nc3 Qd6 4.g3 Nf6 5.Bg2 Bg4 6.Nge2 c6 7.O-O e6 8.d3 Nbd7
9.h3 Bxe2 10.Qxe2 Be7 11.Bd2 O-O 12.Rae1 Rad8 13.f4 Rfe8 14.Qf2 Qb4 15.Nd5 Qxb2
16.Nxe7+ Rxe7 17.Rb1 Qxc2 18.Rxb7 Nd5 19.Bxd5 exd5 20.Ba5 Re2 21.Bxd8 Rxf2
22.Rxf2 Qc1+ 23.Kg2 Nc5 24.Rb8 h5 25.Rf1 Qc2+ 26.Rf2 Qc1 27.Rf1 Qc2+ 28.Rf2  1/2-1/2

[Event "12th HIT Open A"]
[Site "Nova Gorica SLO"]
[Date "2007.01.31"]
[Round "8"]
[White "Nevednichy,V"]
[Black "Popchev,M"]
[Result "1/2-1/2"]
[WhiteElo "2567"]
[BlackElo "2445"]

1.e4 d5 2.exd5 Qxd5 3.Nc3 Qd8 4.d4 Nf6 5.Bc4 a6 6.Nf3 b5 7.Bd3 Bb7 8.O-O e6
9.Bg5 Be7 10.Qe2 Nbd7 11.Rad1 Nd5 12.Nxd5 Bxd5 13.Bxe7 Qxe7 14.Rfe1 O-O 15.c3 Rad8
16.Bb1 Qf6 17.Qd3 g6 18.Ne5 Nxe5 19.dxe5 Qg5 20.Qg3 Qxg3 21.hxg3 Rd7 22.Rd2 Rfd8
23.Red1 Kf8 24.g4 h6 25.f4 Ke7 26.Kf2 Bb7 27.Rxd7+ Rxd7 28.Rxd7+ Kxd7 29.g3 c5
30.b4 cxb4 31.cxb4 Kc7 32.Ke3 Kb6 33.f5 g5 34.f6 Bc6 35.Kd4 Bd7 36.Be4 Bc6
37.Bg6 Be8 38.Be4 Bc6  1/2-1/2

[Event "75th Ambelokipi Open"]
[Site "Athens GRE"]
[Date "2007.02.03"]
[Round "7"]
[White "Manassakis,G"]
[Black "Koerant,F"]
[Result "0-1"]
[WhiteElo "1941"]
[BlackElo "2105"]

1.e4 d5 2.exd5 Qxd5 3.Nc3 Qd6 4.Nf3 Nf6 5.d4 a6 6.h3 b5 7.a3 Bb7 8.Be2 Nbd7
9.O-O e6 10.Be3 c5 11.dxc5 Nxc5 12.Qxd6 Bxd6 13.Rfd1 Be7 14.Ne5 O-O 15.b4 Nce4
16.Nxe4 Nxe4 17.Bf3 Bf6 18.Bf4 Bd5 19.Re1 Nc3 20.Nd7 Bxf3 21.Nxf6+ gxf6 22.gxf3 h5
23.Kf1 Rfd8 24.Bc1 Rac8 25.Bb2 Rd2 26.Bxc3 Rxc3 27.Ra2 Rxf3 28.Re2 Rxe2 29.Kxe2 Rxh3
30.a4 Rc3 31.axb5 axb5 32.Kd2 Rc6 33.Ra8+ Kg7 34.Ra3 Kg6 35.Rg3+ Kf5 36.Rg7 Rc8
37.Rxf7 Rh8 38.Ke2 h4 39.Kf1 h3 40.Kg1 Rh4 41.c3 Rg4+ 42.Kh2 Rg2+ 43.Kxh3 Rxf2
44.Rb7 Rf3+ 45.Kg2 Rxc3 46.Rxb5+ Ke4 47.Rb8 Rc2+ 48.Kg3 f5 49.b5 f4+ 50.Kg4 e5
51.b6 Rb2 52.b7 f3 53.Kg3 Rg2+ 54.Kh3 Rg7 55.Kh2 Ke3 56.Re8 Rxb7 57.Rxe5+ Kf2
58.Rh5 Rg7 59.Ra5 Rh7+  0-1

[Event "TCh-NED 2006-7"]
[Site "Netherlands NED"]
[Date "2007.02.03"]
[Round "5"]
[White "Rothuis,V"]
[Black "Tiviakov,S"]
[Result "0-1"]
[WhiteElo "2413"]
[BlackElo "2667"]

1.e4 d5 2.exd5 Qxd5 3.Nc3 Qd6 4.d4 Nf6 5.Nf3 c6 6.g3 Bg4 7.Bg2 e6 8.O-O Be7
9.b3 O-O 10.Bb2 Na6 11.Qe2 Rad8 12.Rad1 Qc7 13.h3 Bxf3 14.Bxf3 Rd7 15.Ne4 Nxe4
16.Bxe4 Bf6 17.c3 Rfd8 18.Bd3 Nb8 19.Bc2 Re7 20.Rd3 Nd7 21.Rfd1 Ree8 22.Kg2 b5
23.Bc1 Nb6 24.Rf3 Nd7 25.h4 c5 26.Qe4 g6 27.h5 cxd4 28.hxg6 hxg6 29.cxd4 Kg7
30.Bb2 Qd6 31.Bd3 a6 32.Rh1 Rh8 33.Rxh8 Rxh8 34.Be2 Rc8 35.Rc3 Rxc3 36.Bxc3 Nb6
37.Bf3 Nd5 38.Qd3 Nxc3 39.Qxc3 Bxd4 40.Qc1 Qb6 41.Qc2 b4 42.Be4 f5 43.Bd3 Bc3
44.a4 Qc6+ 45.Kg1 a5 46.Be2 e5 47.g4 fxg4 48.Bxg4 e4 49.Bh3 e3 50.Bg2 Qe6
51.fxe3 Qxe3+ 52.Qf2 Qd3 53.Qf3 Qb1+  0-1

[Event "2nd GM"]
[Site "Soller ESP"]
[Date "2007.02.07"]
[Round "3"]
[White "Salgado Lopez,I"]
[Black "Galego,L"]
[Result "1-0"]
[WhiteElo "2422"]
[BlackElo "2537"]

1.e4 d5 2.exd5 Qxd5 3.Nc3 Qd6 4.d4 Nf6 5.Nf3 a6 6.Bd3 Bg4 7.Ne4 Nxe4 8.Bxe4 Nc6
9.O-O e6 10.c3 f5 11.Bxc6+ Qxc6 12.Ne5 Bxd1 13.Nxc6 Bh5 14.Ne5 Bd6 15.Re1 O-O-O
16.Nd3 Bf7 17.Bg5 Rde8 18.Bf4 Be7 19.Be5 Rhg8 20.Re3 g5 21.f4 g4 22.Rae1 Bd8
23.b4 Ref8 24.c4 Rg6 25.a4 Bh4 26.Ra1 Rd8 27.Rd1 Be7 28.Re2 Rgg8 29.Rb2 b6
30.a5 bxa5 31.bxa5 g3 32.Rdb1 gxh2+ 33.Kxh2 Be8 34.Rb7 Bd6 35.Nc5  1-0

[Event "ch-UKR gU20"]
[Site "Lviv UKR"]
[Date "2007.02.11"]
[Round "10"]
[White "Arutyunova,D"]
[Black "Andrenko,I"]
[Result "1-0"]
[WhiteElo "2224"]
[BlackElo "2038"]

1.e4 d5 2.exd5 Qxd5 3.Nc3 Qd6 4.d4 Nf6 5.Bd3 Nc6 6.Nge2 Nb4 7.O-O Bg4 8.Bc4 Rd8
9.f3 Bf5 10.Bf4 Qb6 11.Bb3 e6 12.Qd2 c5 13.Ba4+ Nc6 14.Nb5 Rd7 15.Be3 e5
16.Ng3 Bg6 17.Qe1 cxd4 18.Nxd4 Nxd4 19.c3 Nc2 20.Bxc2 Bc5 21.Bxc5 Qxc5+ 22.Qf2 Rd5
23.Qxc5 Rxc5 24.Bxg6 hxg6 25.Rfe1 Kd7 26.Rad1+ Kc7 27.b4 Rb5 28.a3 Rh4 29.a4 Rd5
30.Rxd5 Nxd5 31.Rxe5 Kd6 32.Re4 Rh8 33.Ne2 Rc8 34.Rd4 Ke6 35.Rd3 g5 36.Kf2 g6
37.Rd1 Nf4 38.Nd4+ Ke5 39.g3 Nd5 40.Re1+ Kf6 41.Ne2 Rh8 42.Rh1 a5 43.bxa5 Ra8
44.Rb1 Rxa5 45.Rb5 Rxb5 46.axb5 Ke5 47.Ke1 Kd6 48.Kd2 Kc5 49.Kd3 Nb6 50.Nd4 Nc4
51.Ke4 Nb6 52.Ke5 Nd5 53.Nb3+ Kc4 54.Nd2+ Kxc3 55.Ne4+ Kc4 56.Nd6+ Kc5 57.Nxb7+ Kb6
58.Kxd5 Kxb7 59.Ke5  1-0

[Event "V Breizh Masters Women"]
[Site "Guingamp FRA"]
[Date "2007.02.17"]
[Round "2"]
[White "Benmesbah,N"]
[Black "Bismuth,L"]
[Result "1-0"]
[WhiteElo "2179"]
[BlackElo "2056"]

1.e4 d5 2.exd5 Qxd5 3.Nc3 Qd6 4.d4 Nf6 5.Bd3 Nc6 6.Nge2 e5 7.O-O Nxd4 8.Nxd4 exd4
9.Nb5 Qb6 10.Nxd4 Bg4 11.Qe1+ Kd7 12.Nb3 Rd8 13.Be3 Qe6 14.Qa5 Bd6 15.h3 b6
16.Qa4+ Kc8 17.Nd4 Qe8 18.Ba6+ Kb8 19.Nc6+ Ka8 20.Bb5 a5 21.Nxa5 Qe6 22.Nc6+ Kb7
23.Qa6+  1-0

[Event "V Breizh Masters Women"]
[Site "Guingamp FRA"]
[Date "2007.02.20"]
[Round "5"]
[White "Le Bail,C"]
[Black "Bismuth,L"]
[Result "1-0"]
[WhiteElo "1952"]
[BlackElo "2056"]

1.e4 d5 2.exd5 Qxd5 3.Nc3 Qd6 4.d4 Nf6 5.Nf3 a6 6.Bd3 Nc6 7.O-O Bg4 8.h3 Bh5
9.Ne4 Nxe4 10.Bxe4 O-O-O 11.c3 e5 12.Qb3 exd4 13.Nxd4 Na5 14.Qa4 Qb6 15.Be3 c5
16.Nf3 Bd6 17.b4 Nc6 18.bxc5 Bxc5 19.Rab1 Qa7 20.Bxc6 b5 21.Bxc5 Qxc5 22.Qxa6+ Kc7
23.Qb7+ Kd6 24.Rxb5  1-0

[Event "4th ch-Mediterranean"]
[Site "Cannes FRA"]
[Date "2007.02.21"]
[Round "5"]
[White "Krivec,J"]
[Black "Bogut,Z"]
[Result "1/2-1/2"]
[WhiteElo "2316"]
[BlackElo "2437"]

1.e4 d5 2.exd5 Qxd5 3.Nc3 Qd6 4.d4 Nf6 5.Bd3 a6 6.Nge2 Nc6 7.Ne4 Nxe4 8.Bxe4 e5
9.dxe5 Qxd1+ 10.Kxd1 Nxe5 11.f3 Bc5 12.Nf4 O-O 13.Nd3 Rd8 14.Ke2 Nxd3 15.Bxd3 Re8+
16.Kd1 Bd6 17.g4 Be6 18.h4 Bd5 19.Rf1 Bg3 20.h5 Rad8 21.Bd2 c5 22.c4 Bc6
23.Kc2 Be5 24.Rad1 Bxb2 25.Ba5 b6 26.Bxb6 Rb8 27.Kxb2 Rxb6+ 28.Kc3 Rbb8 29.f4 Re3
30.Rfe1 Rg3 31.Re5 Rd8 32.Rd2 Kf8 33.g5 Rd6 34.Kc2 f6 35.Rxc5 h6 36.gxh6 gxh6
37.Ra5 Rd4 38.Rxa6 Rgxd3 39.Rxd3 Be4 40.Ra3 Rxc4+ 41.Kd2 Bxd3 42.Kxd3 Rxf4
43.Ra5 Kf7 44.Ra7+ Ke6 45.Rh7 Ra4 46.Rxh6 Rxa2 47.Rh8 Kf5 48.Rb8 Rh2 49.Ke3 Rh3+
50.Kf2 Kg4 51.Rg8+ Kf4 52.Rg6 f5 53.h6 Rh5 54.Ra6 Kg5 55.Kf3 Rh1 56.Kg3 f4+
57.Kf3 Rh3+ 58.Kg2 Rh4 59.Kf3 Rh3+ 60.Kg2 Rxh6 61.Rxh6 Kxh6 62.Kf3 Kg5 63.Kf2 Kg4
64.Kg2 f3+ 65.Kf2 Kf4 66.Kf1 Ke4 67.Kf2 Kf4 68.Kf1 Kg3 69.Kg1 f2+ 70.Kf1 Kf3  1/2-1/2

[Event "Open A"]
[Site "Cannes FRA"]
[Date "2007.02.21"]
[Round "5"]
[White "Petrosian,S"]
[Black "Wagner,Stev"]
[Result "1-0"]
[WhiteElo "2391"]
[BlackElo "2083"]

1.e4 d5 2.exd5 Qxd5 3.Nc3 Qd8 4.d4 Nf6 5.Bg5 h6 6.Bh4 c6 7.Bc4 Bf5 8.Nf3 e6
9.Qe2 Bb4 10.O-O-O Bxc3 11.bxc3 O-O 12.g4 Bxg4 13.Rhg1 Bh5 14.Qe3 Kh7 15.Bd3+ g6
16.Ne5 Nd5 17.Bxd8 Nxe3 18.fxe3 f5 19.Be7 Re8 20.Bd6 Bxd1 21.Kxd1 Rg8 22.Bc4 Na6
23.Bxe6 Rg7 24.Nxg6 Rxg6 25.Bxf5 Rg8 26.e4 h5 27.e5 Kh6 28.Rxg6+ Rxg6 29.Bxg6 Kxg6
30.e6 Kf6 31.e7 Kf7 32.Ke2 Ke8 33.Ke3  1-0

[Event "V Breizh Masters Women"]
[Site "Guingamp FRA"]
[Date "2007.02.22"]
[Round "7"]
[White "Choisy,M"]
[Black "Bismuth,L"]
[Result "1-0"]
[WhiteElo "2079"]
[BlackElo "2056"]

1.e4 d5 2.exd5 Qxd5 3.Nc3 Qd6 4.d4 Nf6 5.Nf3 a6 6.Bd3 Nc6 7.O-O Bg4 8.h3 Bxf3
9.Qxf3 O-O-O 10.Bf4 Nxd4 11.Qe3 Qb6 12.a4 e6 13.a5 Qc6 14.Ra4 Nf5 15.Bxf5 exf5
16.Qe5 Qd7 17.Rc4 Bd6 18.Qe3 Qe6 19.Qd4 Rhe8 20.b3 g5 21.Bxd6 Qxd6 22.Qa7 c6
23.Rd1 Qc7 24.Qa8+ Qb8 25.Rxc6+ bxc6 26.Qxc6+ Qc7 27.Qa8+ Qb8 28.Qc6+ Qc7
29.Qa8+ Qb8 30.Qxa6+ Qb7 31.Rxd8+ Rxd8 32.Qxf6 Qd7 33.Qxg5 Qe6 34.Qg3 Rd2
35.Nb5 Rxc2 36.Nd6+ Kd7 37.Nc4 Rc1+ 38.Kh2 Rd1 39.Nb6+ Ke7 40.Nc4 Kd7 41.Qf3 Ra1
42.Qb7+ Kd8 43.Qb8+ Ke7 44.Qc7+ Kf6 45.b4 Rc1 46.Qd8+ Qe7 47.Qd4+ Kg6 48.Ne5+ Kh5
49.Qf4 Rc7 50.g4+ fxg4 51.hxg4+ Kh4 52.Qh6+  1-0

[Event "Masters"]
[Site "Bunratty IRL"]
[Date "2007.02.24"]
[Round "3"]
[White "Keogh,E"]
[Black "Van Lanen,A"]
[Result "0-1"]
[WhiteElo "2074"]
[BlackElo "2156"]

1.e4 d5 2.exd5 Qxd5 3.Nc3 Qd6 4.Bc4 Nf6 5.d3 a6 6.Nf3 Bg4 7.h3 Bh5 8.g4 Bg6
9.Be3 e6 10.Qe2 c6 11.Nh4 Be7 12.Nxg6 hxg6 13.Ne4 Qc7 14.Nxf6+ Bxf6 15.O-O-O Nd7
16.f4 Nb6 17.f5 Nxc4 18.dxc4 Qe5 19.c3 gxf5 20.Qf2 fxg4 21.hxg4 Rxh1 22.Rxh1 O-O-O
23.Rh5 Qe4 24.Bb6 Qxg4 25.Bxd8 Qxh5 26.Bb6  0-1

[Event "4th ch-Mediterranean"]
[Site "Cannes FRA"]
[Date "2007.02.24"]
[Round "8"]
[White "Piscopo,P"]
[Black "Drljevic,L"]
[Result "1-0"]
[WhiteElo "2380"]
[BlackElo "2243"]

1.e4 d5 2.exd5 Qxd5 3.Nc3 Qd8 4.d4 Nf6 5.h3 Bf5 6.g4 Bg6 7.Bg2 c6 8.Nge2 Qa5
9.Bd2 Qb6 10.b4 Nbd7 11.Rb1 e6 12.O-O Bd6 13.b5 c5 14.Be3 O-O 15.Qd2 Rad8
16.g5 Nh5 17.Ne4 Be7 18.N2c3 cxd4 19.Bxd4 Qa5 20.Nd5 Qa3 21.Bb2 exd5 22.Bxa3 Bxa3
23.Qe3 Be7 24.Nf6+ Bxf6 25.gxf6 Ndxf6 26.Qxa7 Nf4 27.Qxb7 Bxc2 28.Rb2 Bf5
29.b6 d4 30.Qc7 Nxg2 31.Kxg2 Be4+ 32.Kh2 Nd5 33.Qg3 f5 34.a4 d3 35.Rg1 g6
36.f3 f4 37.Qf2 Bf5 38.a5 Ne3 39.a6 Nc4 40.b7 d2 41.a7 Nxb2 42.Qb6 d1=Q 43.Rxd1 Rxd1
44.Qb3+ Kg7 45.Qxb2+ Kh6 46.b8=Q  1-0

[Event "4th ch-Mediterranean"]
[Site "Cannes FRA"]
[Date "2007.02.24"]
[Round "8"]
[White "Calistri,T"]
[Black "Titova Boric,E"]
[Result "1-0"]
[WhiteElo "2381"]
[BlackElo "2281"]

1.e4 d5 2.exd5 Qxd5 3.Nc3 Qd6 4.d4 Nf6 5.Nf3 a6 6.g3 b5 7.Bg2 Bb7 8.O-O Nbd7
9.Bf4 Qb6 10.a4 b4 11.a5 Qa7 12.Na4 Nd5 13.Bd2 e6 14.c4 bxc3 15.bxc3 Be7
16.Rb1 O-O 17.Ne5 Nxe5 18.dxe5 c5 19.Rxb7 Qxb7 20.c4 Rad8 21.cxd5 exd5 22.Nb6 Rfe8
23.Qg4 Qc6 24.Qe2 c4 25.Qf3 h6 26.Bc3 Bf8 27.Rd1 Qb5 28.Rxd5 Qb3 29.e6 fxe6
30.Rxd8 Rxd8 31.Bh3 Qd1+ 32.Qxd1 Rxd1+ 33.Kg2 Kf7 34.Nxc4 Rc1 35.Ne5+ Ke8
36.Bd4 Bd6 37.Bxe6 Bxe5 38.Bxe5 Rc5 39.Bxg7 h5 40.f4 Rxa5 41.f5 Ke7 42.Bc8 Ra2+
43.Kf3 a5 44.Be6 Ra3+ 45.Kf4 a4 46.Bc4  1-0

[Event "V Breizh Masters Women"]
[Site "Guingamp FRA"]
[Date "2007.02.24"]
[Round "9"]
[White "Marchadour,E"]
[Black "Bismuth,L"]
[Result "1-0"]
[WhiteElo "2079"]
[BlackElo "2056"]

1.e4 d5 2.exd5 Qxd5 3.Nc3 Qd6 4.d4 Nf6 5.Nf3 a6 6.g3 Nc6 7.Bf4 Qd8 8.Bg2 Bg4
9.Be3 e6 10.h3 Bh5 11.g4 Bg6 12.Nh4 Nd5 13.Nxd5 exd5 14.Nxg6 hxg6 15.c3 Qd7
16.Qf3 O-O-O 17.b4 f5 18.a4 Be7 19.b5 axb5 20.axb5 Nb8 21.Kd2 Rhf8 22.Kc2 Qxb5
23.Rhb1 Qd7 24.Ra7 c6 25.Ra8 g5 26.gxf5 Qxf5+ 27.Qxf5+ Rxf5 28.Bf1 b5 29.Be2 Kc7
30.Rba1 Nd7 31.R1a7+ Kd6 32.Bg4 Rf7 33.Rxd8 Bxd8 34.Bh5 Rf8 35.Bg4 Rf7 36.f4 Bb6
37.Rb7 Bc7 38.fxg5 g6 39.Bg1 Bd8  1-0

[Event "14th Belisce Metalis Open"]
[Site "Bizovac CRO"]
[Date "2007.02.25"]
[Round "7"]
[White "Dragojlovic,A"]
[Black "Milanovic,Da"]
[Result "0-1"]
[WhiteElo "2402"]
[BlackElo "2519"]

1.e4 d5 2.exd5 Qxd5 3.Nc3 Qd6 4.d4 Nf6 5.Nf3 a6 6.Bg5 Bg4 7.h3 Bh5 8.Qd2 Nbd7
9.Be2 e6 10.O-O-O O-O-O 11.g4 Bg6 12.Qe3 Qb6 13.Ne5 Nxe5 14.dxe5 Qxe3+ 15.Bxe3 Rxd1+
16.Rxd1 Nd7 17.f4 h5 18.Rf1 hxg4 19.hxg4 Rh3 20.Bf3 Bb4 21.Ne2 Be4 22.Bxe4 Rxe3
23.Bf3 g5 24.c3 Bc5  0-1

[Event "4th ch-Mediterranean"]
[Site "Cannes FRA"]
[Date "2007.02.25"]
[Round "9"]
[White "Belkhodja,S"]
[Black "Djukic,Ni"]
[Result "1-0"]
[WhiteElo "2487"]
[BlackElo "2527"]

1.e4 d5 2.exd5 Qxd5 3.Nc3 Qd8 4.Bc4 Nf6 5.Nf3 a6 6.a4 Nc6 7.h3 Bf5 8.O-O e6
9.Re1 Be7 10.d3 O-O 11.Nh4 Bg6 12.Nxg6 hxg6 13.Ne4 Nxe4 14.Rxe4 Bf6 15.Rb1 Qd7
16.h4 Nd4 17.Bg5 b5 18.Ba2 bxa4 19.c3 Nb3 20.Bxf6 gxf6 21.Bxb3 axb3 22.Rd4 Qb5
23.Rb4 Qf5 24.Qxb3 Rfd8 25.Rd1 Rxd3 26.Rxd3 Qxd3 27.Rd4 Qb5 28.Qc2 Kg7 29.g3 Rh8
30.b4 Rh5 31.Qd3 Qb6 32.Rd8 Re5 33.Kg2 Re1 34.Qf3 Qb5 35.Kh2 Qf1 36.Rd2 e5
37.Qg2 Qc4 38.Qa8 Re2 39.Rxe2 Qxe2 40.Qa7 Qc4 41.Qe3 Qd5 42.Qe2 Qc6 43.Qd3 f5
44.h5 Qd6 45.Qxd6 cxd6 46.c4  1-0

[Event "X Malaga Open"]
[Site "Campillos ESP"]
[Date "2007.02.27"]
[Round "5"]
[White "Strikovic,A"]
[Black "Djuric,S"]
[Result "1-0"]
[WhiteElo "2557"]
[BlackElo "2464"]

1.e4 d5 2.exd5 Qxd5 3.Nc3 Qd8 4.d4 Nf6 5.Nf3 Bg4 6.h3 Bxf3 7.Qxf3 c6 8.Be3 e6
9.Bd3 Nd5 10.O-O Be7 11.Nxd5 exd5 12.Rfe1 O-O 13.Bf4 Bd6 14.Be5 Bxe5 15.dxe5 Nd7
16.c4 Nc5 17.Rad1 Nxd3 18.Qxd3 dxc4 19.Qxc4 Qe7 20.Rd6 Rad8 21.Red1 Rde8
22.f4 Qh4 23.R1d4 b5 24.Qxc6 Rc8 25.Qe4 Rc1+ 26.Kh2 Qf2 27.Rd8 g5 28.e6 Qg1+
29.Kg3 gxf4+ 30.Kg4 f5+ 31.Qxf5 Qxg2+ 32.Kh5 Qg6+ 33.Qxg6+ hxg6+ 34.Kh6 Rc7
35.Rxf8+ Kxf8 36.Rxf4+ Ke8 37.Rf2 Rc5 38.Kxg6 Re5 39.Kf6 Re3 40.h4 Rh3 41.Rg2 Rf3+
42.Ke5 Re3+ 43.Kd6 Rd3+ 44.Kc5 a6 45.Rh2 Ke7 46.h5 Kxe6 47.h6  1-0

[Event "X Malaga Open"]
[Site "Campillos ESP"]
[Date "2007.03.02"]
[Round "8"]
[White "Gutierrez Lopez,C"]
[Black "Munoz Jorva,M"]
[Result "1-0"]
[WhiteElo "2126"]
[BlackElo "1961"]

1.e4 d5 2.exd5 Qxd5 3.Nc3 Qd8 4.d4 c6 5.Bg5 Nf6 6.Qd2 Bf5 7.O-O-O e6 8.Nf3 Bb4
9.a3 Be7 10.Bd3 Bxd3 11.Qxd3 Nbd7 12.Rhe1 O-O 13.Ne5 Nd5 14.Bxe7 Qxe7 15.Nxd5 cxd5
16.Nxd7 Qxd7 17.f4 Qc7 18.f5 Qf4+ 19.Kb1 Qxf5 20.Qxf5 exf5 21.Re5 Rfe8 22.Rxd5 Re2
23.Re5 Re8 24.Rxe8+ Rxe8 25.d5 b5 26.b3 Kf8 27.c4 bxc4 28.bxc4 Rc8 29.d6 Rb8+
30.Kc2 Ke8 31.Kc3 Kd7 32.c5 Re8 33.Kc4 Kc6 34.d7 Rd8 35.Rd6+ Kc7 36.Ra6 Kxd7
37.Rxa7+ Ke6 38.Kb5 Rb8+ 39.Kc6 Rb2 40.Ra8 Rxg2 41.Re8+ Kf6 42.Kd6 Rd2+ 43.Kc7 Ra2
44.Re3 f4 45.Rc3 Ke7 46.c6 g5 47.Kc8 g4 48.c7 f3 49.Kb7 f2 50.Rc1 Rb2+ 51.Ka7 f1=Q
52.Rxf1 Kd7 53.Rxf7+ Kc8 54.Rxh7 Ra2 55.Kb6 Rb2+ 56.Kc6 Rc2+ 57.Kd6 Rd2+
58.Ke5 Rd3 59.Kf4 Rd4+ 60.Kg3 Ra4 61.Rg7 Kb7 62.Rxg4 Rxa3+ 63.Kh4 Kxc7 64.Rd4 Ra8
65.Kg5 Rg8+ 66.Kf6 Kc6 67.h4 Kc5 68.Rd1 Rh8 69.Rh1 Kd5 70.h5 Ke4 71.h6 Kf4
72.Kg7 Ra8 73.Rf1+ Kg5 74.h7  1-0

[Event "TCh-NED 2006-7"]
[Site "Netherlands NED"]
[Date "2007.03.03"]
[Round "6"]
[White "Burg,T"]
[Black "Martens,M"]
[Result "1-0"]
[WhiteElo "2304"]
[BlackElo "2404"]

1.e4 d5 2.exd5 Qxd5 3.Nc3 Qd8 4.d4 Nf6 5.Bc4 c6 6.Nf3 b5 7.Bb3 e6 8.O-O a5
9.a3 Nbd7 10.Re1 Be7 11.Bg5 O-O 12.Ne5 Qc7 13.Qf3 Bb7 14.Qh3 Bd6 15.Nxd7 Nxd7
16.Ne4 Rfe8 17.Nxd6 Qxd6 18.c3 Nf8 19.Rad1 f6 20.Bh4 Rad8 21.Qg4 Kh8 22.Bg3 Qd7
23.Re3 Bc8 24.Rde1 b4 25.Qh5 Qa7 26.Bd6 bxc3 27.bxc3 g6 28.Qc5 Qxc5 29.Bxc5 Bd7
30.Bxf8 Rxf8 31.Bxe6 Bxe6 32.Rxe6 c5 33.dxc5 Rd3 34.Rc1 Rc8 35.Rd6 Rd8 36.c4 Kg7
37.Kf1 Kf7 38.Ke2 R3xd6 39.cxd6 Rxd6 40.c5 Rd8 41.c6 Ke6 42.c7 Rc8 43.Kd3 Kd5
44.Rc4 g5 45.Kc3 h5 46.Kb3 f5 47.Rc1 h4 48.Ka4 Kd6 49.Kxa5 Rxc7 50.Rxc7 Kxc7
51.Kb5 g4 52.Kc5 f4 53.g3  1-0

[Event "FSIM March"]
[Site "Budapest HUN"]
[Date "2007.03.04"]
[Round "2"]
[White "Kahn,E"]
[Black "Bednay,B"]
[Result "1/2-1/2"]
[WhiteElo "2293"]
[BlackElo "2291"]

1.e4 d5 2.exd5 Qxd5 3.Nc3 Qd6 4.d4 Nf6 5.Nf3 c6 6.h3 Bf5 7.Bc4 e6 8.O-O Nbd7
9.Nh4 Bg6 10.Nxg6 hxg6 11.Ne2 Qc7 12.Bf4 Bd6 13.Qd2 Bxf4 14.Qxf4 Qxf4  1/2-1/2

[Event "4NCL 2006-07"]
[Site "Wokefield Park ENG"]
[Date "2007.03.04"]
[Round "8"]
[White "Cherniaev,A1"]
[Black "Martin,AD"]
[Result "1-0"]
[WhiteElo "2473"]
[BlackElo "2427"]

1.e4 d5 2.exd5 Qxd5 3.Nc3 Qd8 4.d4 Nf6 5.Nf3 c6 6.g3 Bg4 7.Bg2 e6 8.h3 Bxf3
9.Bxf3 Nbd7 10.O-O Bd6 11.Ne4 Nxe4 12.Bxe4 O-O 13.Bg2 Qc7 14.c3 Rfe8 15.Qc2 Rab8
16.Bd2 b5 17.a4 a5 18.axb5 cxb5 19.b3 Rec8 20.Rfc1 h5 21.c4 bxc4 22.bxc4 Bb4
23.Bxb4 axb4 24.c5 h4 25.gxh4 Nf6 26.Qd2 Rd8 27.Qxb4 Qf4 28.c6 Rxd4 29.c7  1-0

[Event "Victor Ciocaltea Mem"]
[Site "Bucharest ROM"]
[Date "2007.03.06"]
[Round "1"]
[White "Ivanov,Al3"]
[Black "Nanu,C"]
[Result "0-1"]
[WhiteElo "2458"]
[BlackElo "2505"]

1.e4 d5 2.exd5 Qxd5 3.Nc3 Qd8 4.d4 Nf6 5.Bc4 a6 6.Nf3 b5 7.Bb3 c5 8.dxc5 Qxd1+
9.Kxd1 e6 10.Be3 Bb7 11.a4 b4 12.Na2 Ng4 13.Nxb4 Nxe3+ 14.fxe3 Bxc5 15.c3 Bxe3
16.Ke2 Bc5 17.Nd3 Bd6 18.a5 Ke7 19.Rhd1 Nc6 20.Bc2 g5 21.g3 g4 22.Nd2 Ne5
23.Nxe5 Bxe5 24.Be4 Bxe4 25.Nxe4 h5 26.Nc5 Ra7 27.Ra4 f5 28.Rb4 Bd6 29.Rb7+ Rxb7
30.Nxb7 Be5 31.Nc5 h4 32.Rd7+ Kf6 33.Rd3 hxg3 34.hxg3 Rh2+ 35.Kf1 f4 36.gxf4 Bxf4
37.Rd8 Be3 38.Nd3 Rd2 39.Rg8 Ba7 40.Rf8+ Kg5 41.Ne5 Rxb2 42.Rg8+ Kf5 43.Nxg4 Ra2
44.Ra8 Bc5 45.Rxa6 Kxg4 46.Rxe6 Kf3 47.Rf6+ Ke4 48.Re6+ Kd3 49.Rf6 Be3 50.a6 Ke4
51.a7 Rxa7 52.Kg2 Rg7+ 53.Kh3 Bf4 54.Rf8 Kf3  0-1

[Event "FSIM March"]
[Site "Budapest HUN"]
[Date "2007.03.07"]
[Round "5"]
[White "Vitoux,C"]
[Black "Bednay,B"]
[Result "1-0"]
[WhiteElo "2317"]
[BlackElo "2291"]

1.e4 d5 2.exd5 Qxd5 3.Nc3 Qd6 4.d4 Nf6 5.Nf3 c6 6.Ne5 Nbd7 7.Nc4 Qc7 8.Qf3 Nb6
9.Bf4 Qd8 10.Be5 Bg4 11.Qg3 h5 12.f3 Be6 13.Ne3 Nbd5 14.Ncxd5 Nxd5 15.Nxd5 Qxd5
16.c3 f6 17.Bf4 h4 18.Qf2 g5 19.c4 Qf5 20.Be3 b5 21.d5 cxd5 22.cxb5 Bd7 23.Bxa7 d4
24.b6 Bc6 25.Rc1 Bh6 26.Qc2 Qe5+ 27.Kd1 Rc8 28.Qg6+ Kd7 29.Bd3 Qe3 30.Rc4 Bxf3+
31.gxf3 Qxf3+ 32.Kc2 Rxc4+ 33.Bxc4 Rc8 34.Qd3 Qxh1 35.Kb3 Rxc4 36.Qxc4 Qd1+
37.Kb4 Qd2+ 38.Kc5 Bf8 39.Qb5+ Kd8 40.b7 e5+ 41.Kd5 Qg2+ 42.Ke6 Qg4+ 43.Kf7 Qh5+
44.Kxf8 Qh8+ 45.Kf7 Qh7+ 46.Kxf6 Qe7+ 47.Kf5 Qf7+ 48.Kxe5 Qf4+ 49.Kd5 Qf5+
50.Kxd4  1-0

[Event "Victor Ciocaltea Mem"]
[Site "Bucharest ROM"]
[Date "2007.03.08"]
[Round "3"]
[White "Ivanov,Al3"]
[Black "Milanovic,Da"]
[Result "1-0"]
[WhiteElo "2458"]
[BlackElo "2519"]

1.e4 d5 2.exd5 Qxd5 3.Nc3 Qd6 4.d4 Nf6 5.Nf3 a6 6.g3 Bg4 7.Bg2 c6 8.h3 Bxf3
9.Bxf3 e6 10.Bf4 Qd8 11.Qd3 Bb4 12.Bd2 Nbd7 13.O-O-O Qc7 14.Kb1 O-O 15.g4 Rfd8
16.g5 Ne8 17.Be4 Nf8 18.h4 Rd7 19.g6 f5 20.gxh7+ Kh8 21.Bf3 Nf6 22.Bg5 Be7
23.Ne2 Rad8 24.c3 b5 25.Qc2 c5 26.h5 N6xh7 27.Bf4 Qb6 28.d5 Bf6 29.dxe6 Qxe6
30.Rxd7 Rxd7 31.Be3 Qe5 32.Nf4 Ng5 33.Bc6 Rc7 34.Bg2 Nge6 35.Qd2 Kh7 36.Ng6  1-0

[Event "Victor Ciocaltea Mem"]
[Site "Bucharest ROM"]
[Date "2007.03.09"]
[Round "4"]
[White "Lupulescu,C"]
[Black "Szabo,G ROM"]
[Result "1/2-1/2"]
[WhiteElo "2566"]
[BlackElo "2496"]

1.e4 d5 2.exd5 Qxd5 3.Nc3 Qd8 4.d4 Nf6 5.Nf3 Bg4 6.h3 Bxf3 7.Qxf3 c6 8.Be3 e6
9.O-O-O Bb4 10.Qg3 Bxc3 11.bxc3 Nbd7 12.Qd6 Qa5  1/2-1/2

[Event "FSIM March"]
[Site "Budapest HUN"]
[Date "2007.03.10"]
[Round "8"]
[White "Lengyel,B"]
[Black "Bednay,B"]
[Result "1-0"]
[WhiteElo "2323"]
[BlackElo "2291"]

1.e4 d5 2.exd5 Qxd5 3.Nc3 Qd6 4.d4 Nf6 5.Nf3 c6 6.Ne5 Nbd7 7.Bf4 Nd5 8.Nxd5 Qxd5
9.Nf3 Nf6 10.Be2 Bf5 11.c3 e6 12.O-O Be7 13.Ne5 O-O 14.Re1 Rfd8 15.Bc4 Qa5
16.Qf3 Bg6 17.h4 Bc2 18.a4 Qb6 19.a5  1-0

[Event "I Open"]
[Site "La Laguna ESP"]
[Date "2007.03.10"]
[Round "7"]
[White "Spasov,V"]
[Black "Kurajica,B"]
[Result "0-1"]
[WhiteElo "2588"]
[BlackElo "2549"]

1.e4 d5 2.exd5 Qxd5 3.Nc3 Qd6 4.d4 Nf6 5.Nf3 a6 6.g3 Nc6 7.Bf4 Qd8 8.Bg2 e6
9.O-O Be7 10.Qe2 O-O 11.Rad1 Nd5 12.Bc1 b5 13.Ne4 Bb7 14.c3 Qd7 15.Rfe1 Rae8
16.Qc2 h6 17.b3 f5 18.Nc5 Bxc5 19.dxc5 Qc8 20.c4 Nf6 21.Bb2 Ne4 22.cxb5 axb5
23.a4 bxa4 24.bxa4 Qa8 25.Rd7 Re7 26.Rxe7 Nxe7 27.Ne5 Rd8 28.c6 Nxc6 29.Bxe4 fxe4
30.Qxe4 Nd4 31.Qg4 Qa5 32.Re3 Nf5 33.Bc3 Qd5 34.Rf3 Qd1+ 35.Kg2 Rf8 36.a5 Qe2
37.Kg1 Ba6 38.h4 Qd1+ 39.Kg2 Bb7 40.a6 Bxf3+ 41.Nxf3 Qe2 42.Kg1 Qxa6 43.Ne5 Ne3
44.Qh3 Qd6 45.Nd3 Qxd3 46.Qxe6+ Kh7 47.Qxe3  0-1

[Event "TCh-AUT 2006-7"]
[Site "Mattersburg AUT"]
[Date "2007.03.10"]
[Round "10"]
[White "Naumann,A"]
[Black "Kreindl,H"]
[Result "1-0"]
[WhiteElo "2549"]
[BlackElo "2205"]

1.e4 d5 2.exd5 Qxd5 3.Nc3 Qd6 4.d4 Nf6 5.Nf3 c6 6.Ne5 Nbd7 7.Nc4 Qc7 8.Qf3 Nb6
9.Ne5 Be6 10.Bf4 Nbd5 11.Bg3 Nxc3 12.Qxc3 Ne4 13.Qe3 Nxg3 14.hxg3 Qa5+ 15.c3 Bd5
16.b4 Qa3 17.Bc4 Qb2 18.O-O f6 19.Bxd5 cxd5 20.Nd3 Qa3 21.Nc5 b6 22.Qe6 bxc5
23.Qc6+ Kf7 24.Qxd5+ e6 25.Qxa8  1-0

[Event "ch-RUS U20 Girls"]
[Site "Saint Petersburg RUS"]
[Date "2007.03.10"]
[Round "1"]
[White "Bodnaruk,A"]
[Black "Lomako,A"]
[Result "0-1"]
[WhiteElo "2278"]
[BlackElo "2300"]

1.e4 d5 2.exd5 Qxd5 3.Nc3 Qd6 4.d4 Nf6 5.h3 a6 6.Nf3 b5 7.a3 Bb7 8.Be2 g6
9.O-O Bg7 10.Bg5 Nbd7 11.Qd2 O-O 12.Bf4 Qb6 13.Rad1 Ne4 14.Nxe4 Bxe4 15.Ng5 Bd5
16.Bf3 c6 17.Rfe1 Rfe8 18.Re3 h6 19.Ne4 e5 20.Nd6 Bxf3 21.gxf3 Re6 22.dxe5 Nxe5
23.Rde1 Qc5 24.Ne4 Qe7 25.Qe2 Nc4 26.Rd3 Nxb2 27.Rd6 Rxd6 28.Bxd6 Qe6 29.Bf4 Qxh3
30.Nd6 Qh4 31.Bg3 Qg5 32.Qe4 Qd5 33.Qf4 Nc4 34.Ne8 Qg5 35.Qe4 h5 36.Qxc6 Rd8
37.f4 Qf5 38.Qxa6 Bc3 39.Rf1 Rxe8  0-1